A first course in numerical analysis / (Record no. 592260)
[ view plain ]
| 000 -LEADER | |
|---|---|
| fixed length control field | 01393cam a2200241 a 4500 |
| 001 - CONTROL NUMBER | |
| control field | 12148775 |
| 005 - DATE AND TIME OF LATEST TRANSACTION | |
| control field | 20221107122121.0 |
| 008 - FIXED-LENGTH DATA ELEMENTS--GENERAL INFORMATION | |
| fixed length control field | 000818r20011965nyua b 001 0 eng |
| 010 ## - LIBRARY OF CONGRESS CONTROL NUMBER | |
| LC control number | 00064343 |
| 020 ## - INTERNATIONAL STANDARD BOOK NUMBER | |
| International Standard Book Number | 048641454X (pbk.) |
| 082 00 - DEWEY DECIMAL CLASSIFICATION NUMBER | |
| Classification number | 519.4,RAL |
| 100 1# - MAIN ENTRY--PERSONAL NAME | |
| Personal name | Ralston, Anthony. |
| 9 (RLIN) | 8713 |
| 245 12 - TITLE STATEMENT | |
| Title | A first course in numerical analysis / |
| Statement of responsibility, etc. | Anthony Ralston and Philip Rabinowitz. |
| 250 ## - EDITION STATEMENT | |
| Edition statement | 2nd ed. |
| 260 ## - PUBLICATION, DISTRIBUTION, ETC. | |
| Place of publication, distribution, etc. | Mineola, NY : |
| Name of publisher, distributor, etc. | Dover Publications, |
| Date of publication, distribution, etc. | 2001. |
| 300 ## - PHYSICAL DESCRIPTION | |
| Extent | xviii, 556, 50 p. : |
| Other physical details | ill. ; |
| Dimensions | 22 cm. |
| 505 ## - FORMATTED CONTENTS NOTE | |
| Formatted contents note | Introduction and Preliminaries (Page-1), Approximation and Algorithms (Page-31), Interpolation (Page-52), Numerical Differentiation, Numerical Quadrature, and Summation (Page-89), The Numerical Solution of Ordinary Differential Equations (Page-164), Functional Approximation: Least-Squares Techniques (Page-247), Functional Approximation: Minimum Maximum Error Techniques (Page-285), The Solution of Nonlinear Equations (Page-332), The Solution of Simultaneous Linear Equations (Page-410), The Calculation of Eigenvalues and Eigenvectors of Matrices (Page-483), |
| 650 #0 - SUBJECT ADDED ENTRY--TOPICAL TERM | |
| Topical term or geographic name entry element | Numerical analysis. |
| 9 (RLIN) | 103 |
| 700 1# - ADDED ENTRY--PERSONAL NAME | |
| Personal name | Rabinowitz, Philip. |
| 9 (RLIN) | 102408 |
| 856 42 - ELECTRONIC LOCATION AND ACCESS | |
| Materials specified | Publisher description |
| Uniform Resource Identifier | <a href="http://www.loc.gov/catdir/description/dover032/00064343.html">http://www.loc.gov/catdir/description/dover032/00064343.html</a> |
| 856 41 - ELECTRONIC LOCATION AND ACCESS | |
| Materials specified | Table of contents |
| Uniform Resource Identifier | <a href="http://www.loc.gov/catdir/toc/dover031/00064343.html">http://www.loc.gov/catdir/toc/dover031/00064343.html</a> |
| 942 ## - ADDED ENTRY ELEMENTS (KOHA) | |
| Source of classification or shelving scheme | |
| Koha item type | Book |
| Withdrawn status | Lost status | Source of classification or shelving scheme | Damaged status | Not for loan | Permanent Location | Current Location | Shelving location | Date acquired | Full call number | Barcode | Date last seen | Price effective from | Koha item type | Public note |
|---|---|---|---|---|---|---|---|---|---|---|---|---|---|---|
| Military College of Signals (MCS) | Military College of Signals (MCS) | General Stacks | 11/07/2022 | 519.4,RAL | MCS38156 | 11/07/2022 | 11/07/2022 | Book | Almirah Fresh No.44, Shelf No.6 |
